000 00377nam a2200157Ia 4500
008 230719s9999 xx 000 0 und d
041 _aeng
082 _a621.3815
_bGAY
100 _aGayakwad R.A.
245 _aOp-Amps And Linear Integrated Circuits
250 _a4th ed.
260 _c2019
_bPearson
300 _a543
365 _cRs.
_b290.00
700 _aGayakwad R.A.
999 _c354567
_d354567